Zdroje povrchových vôd a ich využívanie pre pitné účely zborník prednášok

Guardado en:
Detalles Bibliográficos
Formato: Libro
Lenguaje:eslovaco
Publicado: Žilina Dom techniky ČSVTS 1980
Etiquetas: Agregar Etiqueta
Sin Etiquetas, Sea el primero en etiquetar este registro!

MARC

LEADER 00000nam a2200000 4500
001 c144113
005 20181203150544.6
041 0 |a slo 
044 |a SK 
245 1 0 |a Zdroje povrchových vôd a ich využívanie pre pitné účely  |b zborník prednášok 
264 1 |a Žilina  |b Dom techniky ČSVTS  |c 1980 
300 |a 105 s.